<?xml version="1.0" encoding="UTF-8"?>
<record
    xmlns:xsi="http://www.w3.org/2001/XMLSchema-instance"
    xsi:schemaLocation="http://www.loc.gov/MARC21/slim http://www.loc.gov/standards/marcxml/schema/MARC21slim.xsd"
    xmlns="http://www.loc.gov/MARC21/slim">

  <leader>02193nam a2200349 i 4500</leader>
  <controlfield tag="001">193345</controlfield>
  <controlfield tag="003">SpMaBN</controlfield>
  <controlfield tag="005">20250720063104.0</controlfield>
  <controlfield tag="007">ta</controlfield>
  <controlfield tag="008">231103e2023    sp     | |||| 000   spa  </controlfield>
  <datafield tag="017" ind1=" " ind2=" ">
    <subfield code="a">M 14499-2023</subfield>
    <subfield code="b">Oficina Dep&#xF3;sito Legal Madrid</subfield>
  </datafield>
  <datafield tag="020" ind1=" " ind2=" ">
    <subfield code="a">9788419809186</subfield>
  </datafield>
  <datafield tag="035" ind1=" " ind2=" ">
    <subfield code="a">a7313912</subfield>
  </datafield>
  <datafield tag="040" ind1=" " ind2=" ">
    <subfield code="a">SpMaBN</subfield>
    <subfield code="b">spa</subfield>
    <subfield code="c">SpMaBN</subfield>
    <subfield code="e">rda</subfield>
    <subfield code="d">Es-MaACL</subfield>
  </datafield>
  <datafield tag="100" ind1="1" ind2=" ">
    <subfield code="a">P&#xE9;rez Henares, Antonio,</subfield>
    <subfield code="d">1953-</subfield>
    <subfield code="e">aut</subfield>
    <subfield code="9">138463</subfield>
  </datafield>
  <datafield tag="245" ind1="1" ind2="3">
    <subfield code="a">El r&#xED;o de la lamia /</subfield>
    <subfield code="c">Antonio P&#xE9;rez Henares.</subfield>
  </datafield>
  <datafield tag="264" ind1=" " ind2="1">
    <subfield code="a">Madrid :</subfield>
    <subfield code="b">HarperCollins Ib&#xE9;rica,</subfield>
    <subfield code="c">[2023]</subfield>
  </datafield>
  <datafield tag="300" ind1=" " ind2=" ">
    <subfield code="a">301 p&#xE1;ginas ; </subfield>
    <subfield code="c">19 cm</subfield>
  </datafield>
  <datafield tag="336" ind1=" " ind2=" ">
    <subfield code="a">Texto</subfield>
    <subfield code="2">rdacontent</subfield>
  </datafield>
  <datafield tag="337" ind1=" " ind2=" ">
    <subfield code="a">sin mediaci&#xF3;n</subfield>
    <subfield code="2">rdamedia</subfield>
  </datafield>
  <datafield tag="338" ind1=" " ind2=" ">
    <subfield code="a">volumen</subfield>
    <subfield code="2">rdacarrier</subfield>
  </datafield>
  <datafield tag="490" ind1="1" ind2=" ">
    <subfield code="a">Hist&#xF3;rica ;</subfield>
    <subfield code="v">106</subfield>
  </datafield>
  <datafield tag="520" ind1=" " ind2=" ">
    <subfield code="a">Conoc&#xED;a todas las pieles que rozaron la superficie de sus aguas.

Una obra que conjuga lo mejor del g&#xE9;nero hist&#xF3;rico, del relato fant&#xE1;stico y de la leyenda popular.

El r&#xED;o de la lamia entreteje siete historias que acaban por confluir: cazadores foramontanos y agricultores neol&#xED;ticos, guerreros y ermita&#xF1;os, pr&#xF3;fugos de la guerra de Cuba y buscadores de tesoros, una curandera perseguida por la Inquisici&#xF3;n o un misterioso lobo de tres patas. La emoci&#xF3;n del relato, su sobrecogedora descripci&#xF3;n de los paisajes naturales y su habilidad para hilvanar diferentes hilos narrativos hacen de El r&#xED;o de la lamia una novela singular y extraordinaria, por la que fluye a borbotones la pasi&#xF3;n de crear personajes e imaginar vidas. Es, adem&#xE1;s, en palabras del propio autor, la piedra angular de lo que iba a ser el cogollo y el meollo de su obra, pues en ella aparecen los escenarios, los personajes, las sendas narrativas y las voces de sus futuras novelas.</subfield>
  </datafield>
  <datafield tag="655" ind1=" " ind2="4">
    <subfield code="a">Novelas hist&#xF3;ricas</subfield>
    <subfield code="2">tgfbne</subfield>
    <subfield code="9">226782</subfield>
  </datafield>
  <datafield tag="830" ind1=" " ind2="0">
    <subfield code="a">Hist&#xF3;rica (HarperCollins Ib&#xE9;rica) ;</subfield>
    <subfield code="9">234491</subfield>
    <subfield code="v">106</subfield>
  </datafield>
  <datafield tag="852" ind1=" " ind2=" ">
    <subfield code="a">ES-MaACL</subfield>
    <subfield code="b">R.154740</subfield>
    <subfield code="c">DEPOJ</subfield>
    <subfield code="g">Dedicatoria aut&#xF3;grafa del autor </subfield>
    <subfield code="h">Donaci&#xF3;n: Antonio P&#xE9;rez Henares</subfield>
    <subfield code="j">N-9570</subfield>
    <subfield code="9">200791 </subfield>
  </datafield>
  <datafield tag="903" ind1=" " ind2=" ">
    <subfield code="a">P&#xE9;rez Henares, Antonio,</subfield>
    <subfield code="d">1953-</subfield>
    <subfield code="e">dnr</subfield>
    <subfield code="9">138463</subfield>
  </datafield>
  <datafield tag="942" ind1=" " ind2=" ">
    <subfield code="n">0</subfield>
    <subfield code="c">MONOGRAFIA</subfield>
  </datafield>
  <datafield tag="999" ind1=" " ind2=" ">
    <subfield code="c">193345</subfield>
    <subfield code="d">193345</subfield>
  </datafield>
  <datafield tag="952" ind1=" " ind2=" ">
    <subfield code="0">0</subfield>
    <subfield code="1">0</subfield>
    <subfield code="2">udc</subfield>
    <subfield code="4">0</subfield>
    <subfield code="7">0</subfield>
    <subfield code="8">Librosdedicados</subfield>
    <subfield code="a">ATENEOM</subfield>
    <subfield code="b">ATENEOM</subfield>
    <subfield code="c">DEPOJ</subfield>
    <subfield code="d">2023-11-03</subfield>
    <subfield code="e">DONACION</subfield>
    <subfield code="j">1</subfield>
    <subfield code="l">0</subfield>
    <subfield code="o">N-9570</subfield>
    <subfield code="p">101206097</subfield>
    <subfield code="r">2023-11-03 00:00:00</subfield>
    <subfield code="y">MONOGRAFIA</subfield>
    <subfield code="z">Dedicatoria aut&#xF3;grafa del autor</subfield>
  </datafield>
</record>
